MARC

LEADER 00000nam0a2200000 4500
001 372180
005 20231102012442.0
035 |a (RuTPU)RU\TPU\retro\29601 
035 |a RU\TPU\book\269069 
090 |a 372180 
100 |a 20221214d1977 km y0rusy50 ca 
101 0 |a rus 
102 |a RU 
105 |a a z 001zy 
200 1 |a Радиоизотопные методы измерения высоты  |f А. П. Ширенко 
210 |a Москва  |c Атомиздат  |d 1977 
215 |a 110 с.  |c ил. 
320 |a Библиогр.: с. 106-108. 
606 1 |a Высотомеры радиоизотопные  |2 stltpush  |3 (RuTPU)RU\TPU\subj\3979  |9 32301 
610 1 |a гамма-излучения 
610 1 |a использование 
610 1 |a высота 
610 1 |a измерение 
610 1 |a характеристика 
610 1 |a схемы 
610 1 |a уравнения 
610 1 |a бета-излучения 
610 1 |a гамма-высотомеры 
610 1 |a бета-высотомеры 
675 |a 531.71  |v 3 
700 1 |a Ширенко  |b А. П.  |g Анатолий Павлович 
801 1 |a RU  |b 63413507  |c 20140110 
801 2 |a RU  |b 63413507  |c 20221214  |g RCR 
942 |c BK